000 01654cam a2200493 i 4500
001 25271
003 KOSZ 005
005 20250715094941.0
008 250715s1972 pl a f f 001 0 pol
015 _aPB 1973/251
035 _a991032236669705066
035 _a(PL-WaBN)b18653340-48omnis_nlop
035 _ab18653340
035 _a(OCoLC)297564956
035 _axx001181179
035 _a(PL)b0000001865334
035 _a(EXLNZ-48OMNIS_NETWORK)9910469373405606
040 _aWA N
_cWA N
_dKOSZ 005/HR
_dKOSZ 005/RW
046 _k1970
080 _a621.01
080 _a(075.8)
100 1 _aTymowski, Janusz
_d(1902-1992)
_eAutor
245 1 0 _aTechnologia budowy maszyn /
_cJanusz Tymowski.
250 _aWydanie 2 poprawione.
260 _aWarszawa :
_bWydawnictwa Naukowo-Techniczne,
_c1972.
300 _a597, [1] stron, [3] karty tablic :
_bilustracje ;
_c24 cm.
336 _aTekst
_btxt
_2rdacontent
337 _aBez urządzenia pośredniczącego
_bn
_2rdamedia
338 _aWolumin
_bnc
_2rdacarrier
380 _aKsiążki
380 _aPublikacje dydaktyczne
385 _mPoziom nauczania
_aSzkoły wyższe
388 1 _a1901-2000
388 1 _a1945-1989
504 _aBibliografia na stronach [585]-[587]. Indeks.
650 7 _aBudowa i konstrukcje
650 7 _aMaszyny
650 7 _aTechnologia
655 7 _aPodręczniki akademickie
658 _aInżynieria i technika
710 2 _aWydawnictwa Naukowo-Techniczne
_4pbl
856 _uhttp://koha.tu.koszalin.pl/cgi-bin/koha/opac-detail.pl?biblionumber=25271
_yKatalog online BPK
942 _2UKD
_cKS
999 _c25271
_d25271